000 00792nam a2200277 a 4500
001 vtls000949762
003 NLI
005 20210627092526.0
008 111222s1876 ii s000 0 eng
039 9 _y201112221826
_zEntertech_02
040 0 _aNLI
_beng
_cEntertech-2011
_eAACR2
041 0 _aeng
044 _aii
082 0 4 _a365.95411
110 1 _aAssam (India)
245 1 0 _aReport on the jail administration of the province of Assam 1876 /
_cGovernment of Assam
260 _aShillong :
_bThe Government,
_c1876
300 _axxx, iv p.:
_c22 cm
650 0 _aJails
_zIndia
650 0 _aPrisoners
_zIndia
_9897988
887 _a
901 _aIMP72365 date
_b01.10.2010
902 _aGP 365.95411 As72adm
999 _aVIRTUA
_c771925
_d771925
942 _2ddc
_cBKS